| 000 | 00888nam a2200325Ia 4500 | ||
|---|---|---|---|
| 008 | 170711s9999 xx 000 0 und d | ||
| 020 | _a9781559708616 | ||
| 050 | _a954 | ||
| 050 | _bT367 2007 | ||
| 100 | _aTharoor, Shashi | ||
| 245 | 4 | _aThe elephant, the tiger, and the cell phone : | |
| 245 | _breflections on India, the emerging 21st century power / | ||
| 245 | _cby Shashi Tharoor. | ||
| 260 | _aUSA : | ||
| 260 | _bArcade, | ||
| 260 | _c2007 | ||
| 300 | _axii, 498 pages : | ||
| 300 | _billustrations ; | ||
| 300 | _c23cm. | ||
| 500 | _aIncludes index. | ||
| 650 | _aIndia -- | ||
| 650 | _aIndia -- | ||
| 650 | _aIndia -- | ||
| 650 | _aIndia -- | ||
| 650 | _xCivilization -- 21st century. | ||
| 650 | _xEconomic conditions. | ||
| 650 | _xPolitics and government -- 21st century. | ||
| 650 | _xSocial conditions -- 21st century. | ||
| 700 | _aTitle. | ||
| 999 |
_c339754 _d339754 |
||